LEADER 00997nam a2200253 4500 001 000000361094 003 CaOOAMICUS 005 20241209103117.0 008 241209s1985 it a 000 u ita r 020 $a88-17-85108-6 040 $aSeMil$bita 100 1 $aBach, Richard,$d<1936- >.$0(OLS)http://semarc/name/24985 240 10$aNothing by chance.$0(OLS)http://semarc/title/451740 245 10$aNiente per caso /$cdi Richard Bach ; fotografie di Paul E. Hansen. 264 1$aMilano :$bRizzoli,$c1985. 300 $a255 p., [4] carte di tav. ;$c22 cm 700 1 $aHansen, Paul E.$0(OLS)http://semarc/name/73167 850 $aSeMil 852 $aSeMil$W1$xVenegono$y1$m1W V 152$j253240$B252070$CSeMilBibl$Z2$F252070 $81 961 $aLocatelli Mauro - Omaggio 996 $6020$a88-17-85108-6$9(OLS)http://semarc/number/302033 996 $6245$aNiente per caso$9(OLS)http://semarc/title/451741 996 $6264$aMilano :$bRizzoli$9(OLS)http://semarc/publisher/29824 LEADER 00562nab a2200145 i 4500 001 000000261143 003 CaOOAMICUS 005 20050421000000.0 008 050421n xx uu u0 0und r 013 $a2070 040 $aSeMil$bita 245 10$aGiovanni Paolo 2. - 24 c. - Titolo principale dalla prima pagina. 500 $a8 aprile 2005 (SPECIALE N. 2 [N. 1377]). 773 0 $t[2005.$dRoma : Società per l'Informazione Religiosa (SIR), stampa 2005.$w()137846 996 $6245$aGiovanni Paolo 2. - 24 c. - Titolo principale dalla prima pagina.$9(OLS)http://semarc/title/355468